000
00274nam a2200097Ia 4500
082
_a
658.16 CARR
245
0
_a
Crashproof your business
100
_a
CARRUTHERS, Peter Valyland, South Africa, 2004
_9
75189
942
_c
BK
008
210817s9999 xx 000 0 und d
999
_c
248530
_d
248529